000 00444nam a2200169Ia 4500
003 GCL
008 140319s9999 xx 000 0 eng d
040 _aGCL /
_cGCL
082 0 4 _a658.839
_bGH
100 1 _aGEORGE, CLAUDES
245 1 0 _aTHE HISTORY OF MANAGEMENT THOUGHTS /
_cGEORGE, CLAUDES
260 _a[S.N] :
_bPRENTICE HALL ،
_c1972
300 _a223 P
650 0 4 _aMANAGEMENT
650 0 4 _aHISTORY OF MANAGEMENT
942 _2ddc
_cBK
999 _c18963
_d18963